Russia and the Visegrad Group - more than a foreign policy issue

Národné politiky vo V4 vo vzťahu k Rusku pred a počas ukrajinskej krízy. Rozdielne názory vo V4 na smerovanie spoločnej zahraničnej politiky, možné oslabenie spolupráce v skupine v budúcnosti.

Guardado en:
Detalles Bibliográficos
Autor principal: Marušiak, Juraj
Formato: Capítulo de libro
Lenguaje:inglés
Materias:
Etiquetas: Agregar Etiqueta
Sin Etiquetas, Sea el primero en etiquetar este registro!

MARC

LEADER 00000naa a2200000 4500
001 0210093
005 20231208105901.9
041 0 |a eng 
044 |a SK 
245 1 0 |a Russia and the Visegrad Group - more than a foreign policy issue  |c Juraj Marušiak 
520 |a Národné politiky vo V4 vo vzťahu k Rusku pred a počas ukrajinskej krízy. Rozdielne názory vo V4 na smerovanie spoločnej zahraničnej politiky, možné oslabenie spolupráce v skupine v budúcnosti. 
610 2 0 |a Vyšehradská štvorka 
610 2 0 |a spolupráca hospodárska medzinárodná 
610 2 0 |a kooperácia hospodárska medzinárodná 
610 2 0 |a politika zahraničná 
610 2 0 |a Rusko 
610 2 0 |a vzťahy medzinárodné 
100 1 |a Marušiak, Juraj